Policymaking for conservation in Latin America : national parks, reserves, and the environment /

Bibliographic Details
Main Author: Hopkins, Jack W.
Format: Book
Language:English
Published: Westport, Conn. : Praeger, 1995.
Subjects:

MARC

Tag First Indicator Second Indicator Subfields
LEADER 00000cam a2200000 a 4500
001 in00001410166
005 20151020060911.0
008 950505s1995 ctuab b 001 0 eng
010 |a  95019741  
015 |a GB96-6864 
019 |a 36351257 
020 |a 0275953491 (hardcover : alk. paper) 
035 |a (OCoLC)32548879 
035 |9 AHN8133AM 
040 |a DLC  |c DLC  |d AGL  |d TXA  |d UtOrBLW 
043 |a cl----- 
049 |a TXAM 
050 0 0 |a QH77.L25  |b H66 1995 
070 0 |a QH77.L25H66  |b 1995 
072 0 |a P000 
082 0 0 |a 333.7/2/098  |2 20 
100 1 |a Hopkins, Jack W. 
245 1 0 |a Policymaking for conservation in Latin America :  |b national parks, reserves, and the environment /  |c Jack W. Hopkins. 
264 1 |a Westport, Conn. :  |b Praeger,  |c 1995. 
300 |a xii, 216 pages :  |b illustrations, maps ;  |c 25 cm. 
336 |a text  |b txt  |2 rdacontent 
337 |a unmediated  |b n  |2 rdamedia 
338 |a volume  |b nc  |2 rdacarrier 
504 |a Includes bibliographical references (pages [203]-207) and index. 
650 0 |a Nature conservation  |x Government policy  |z Latin America. 
650 0 |a Environmental policy  |z Latin America. 
650 0 |a National parks and reserves  |z Latin America. 
948 |a c:dm 
999 |a MARS 
999 f f |s eaae12df-153c-39b6-9c6b-bcca916b1043  |i e3f34986-4b22-3fe4-8d02-500366194ff6  |t 0 
952 f f |p normal  |a Texas A&M University  |b College Station  |c Sterling C. Evans Library  |d Evans: Library Stacks  |t 0  |e QH77.L25 H66 1995  |h Library of Congress classification  |i unmediated -- volume  |m A14822533903 
998 f f |a QH77.L25 H66 1995  |t 0  |l Evans: Library Stacks